|
|
|
|
| LEADER |
00000nam0a2200000 4500 |
| 001 |
271946 |
| 005 |
20231101234502.0 |
| 020 |
|
|
|a RU
|b 87-43893
|
| 035 |
|
|
|a (RuTPU)RU\TPU\book\295150
|
| 090 |
|
|
|a 271946
|
| 100 |
|
|
|a 20141014d1987 m y0rusy5003 ca
|
| 101 |
0 |
|
|a rus
|
| 102 |
|
|
|a RU
|
| 105 |
|
|
|a a j 001zy
|
| 200 |
1 |
|
|a Теория линейных электрических цепей
|e учебник для вузов
|f А. К. Лосев
|
| 210 |
|
|
|a Москва
|c Высшая школа
|d 1987
|
| 215 |
|
|
|a 512 с.
|c ил.
|
| 320 |
|
|
|a Библиогр.: с. 506
|
| 320 |
|
|
|a Предм. указ.: с. 507-509
|
| 606 |
1 |
|
|a Электрические системы, линейные
|2 stltpush
|3 (RuTPU)RU\TPU\subj\27602
|9 51328
|
| 610 |
1 |
|
|a учебники
|
| 610 |
1 |
|
|a электрические цепи
|
| 610 |
1 |
|
|a расчет
|
| 610 |
1 |
|
|a резонансные цепи
|
| 610 |
1 |
|
|a сигналы
|
| 610 |
1 |
|
|a синтез
|
| 675 |
|
|
|a 621.3.011.71(075.8)
|z rus
|
| 700 |
|
1 |
|a Лосев
|b А. К.
|g Алексей Константинович
|4 070
|
| 801 |
|
0 |
|a RU
|b RuMRKP
|c 19950417
|g psbo
|
| 801 |
|
1 |
|a RU
|b 63413507
|c 20141014
|
| 801 |
|
2 |
|a RU
|b 63413507
|c 20180711
|g RCR
|
| 942 |
|
|
|c BK
|